| Tag |
First Indicator |
Second Indicator |
Subfields |
| LEADER |
00000cam a2200000 a 4500 |
| 001 |
in00000011825 |
| 005 |
20151007051713.0 |
| 008 |
860320s1985 enka b 00110 eng |
| 010 |
|
|
|a 86134329
|
| 020 |
|
|
|a 0860543420 (pbk.) :
|c £16.00
|
| 035 |
|
|
|a (OCoLC)12759220
|
| 035 |
|
|
|9 AAA4371AM
|
| 040 |
|
|
|a DLC
|c DLC
|d m/c
|d TXA
|d UtOrBLW
|
| 043 |
|
|
|a a-sy---
|
| 049 |
|
|
|a TXAM
|c [A11028165]
|
| 050 |
0 |
0 |
|a DS99.G65
|b U75 1985
|
| 082 |
0 |
|
|a 939/.4
|2 19
|
| 100 |
1 |
|
|a Urman, Dan.
|
| 245 |
1 |
4 |
|a The Golan :
|b a profile of a region during the Roman and Byzantine periods /
|c Dan Urman.
|
| 264 |
|
1 |
|a Oxford, England :
|b B.A.R.,
|c 1985.
|
| 300 |
|
|
|a 251 pages :
|b illustrations ;
|c 30 cm.
|
| 336 |
|
|
|a text
|b txt
|2 rdacontent
|
| 337 |
|
|
|a unmediated
|b n
|2 rdamedia
|
| 338 |
|
|
|a volume
|b nc
|2 rdacarrier
|
| 490 |
1 |
|
|a BAR international series ;
|v 269
|
| 500 |
|
|
|a Revised edition of author's thesis (doctoral--University of New York, 1979).
|
| 504 |
|
|
|a Bibliography: pages 217-247.
|
| 500 |
|
|
|a Includes index.
|
| 651 |
|
0 |
|a Golan Heights
|x History.
|
| 651 |
|
0 |
|a Golan Heights
|x Description and travel.
|
| 651 |
|
0 |
|a Syria
|x Antiquities.
|
| 830 |
|
0 |
|a BAR international series ;
|v 269.
|
| 999 |
|
|
|a MARS
|
| 999 |
f |
f |
|s 7925373a-5af7-3b08-ae7e-3f728d960760
|i fa79f710-eda5-3153-b335-b3c95f533c67
|t 0
|
| 952 |
f |
f |
|p ric
|a Texas A&M University
|b Rellis Campus
|c Joint Library Facility
|d Remote Storage
|t 0
|e DS99.G65 U75 1985
|h Library of Congress classification
|i unmediated -- volume
|m A14811028165
|
| 998 |
f |
f |
|a DS99.G65 U75 1985
|t 0
|l Remote Storage
|